Gustoms Unions and Economic Communities Same Examples
Salvato in:
| Autore principale: | |
|---|---|
| Natura: | Libro |
| Lingua: | inglese |
| Pubblicazione: |
Wien
Inst. für Höhere Studien
1990
|
| Edizione: | 1. ed. |
| Serie: | Research Memorandum
No.276 |
| Tags: |
Nessun Tag, puoi essere il primo ad aggiungerne!!
|
MARC
| LEADER | 00000nam a2200000 4500 | ||
|---|---|---|---|
| 001 | c040158 | ||
| 005 | 20221206122444.8 | ||
| 041 | 0 | |a eng | |
| 044 | |a AT | ||
| 245 | 1 | 0 | |a Gustoms Unions and Economic Communities |b Same Examples |c Klaus Ritzberger |
| 250 | |a 1. ed. | ||
| 264 | 1 | |a Wien |b Inst. für Höhere Studien |c 1990 | |
| 300 | |a 20 s. | ||
| 490 | 1 | |a Research Memorandum |v No.276 | |
| 830 | 0 | |a Research Memorandum |v No.276 | |
| 100 | 1 | |a Ritzberger, Klaus | |